000 00377 a2200169 4500
001 49816
020 _a8526247360
040 _cAnchieta - Bela Vista
100 _aLadeira, Julieta de Godoy
240 1 0 _aAs mil e uma noites
_lpor
245 1 0 _aAs mil e uma noites
300 _a125
362 0 _a1997
440 1 _aScipione
650 4 _aLiteratura juvenil
942 _cBK
999 _c49816
_d49816